Top 10 oldest Universities in the World (Hard) - Statistics

General Stats
  • This quiz has been taken 37 times
  • The average score is 3 of 10
Answer Stats
Year of Foundation University of Name % Correct
1209 University of Cambridge
97%
1096 University of Oxford
97%
1088 University of Bologna
64%
1134 University of Salamanca
24%
1290 University of Coimbra
18%
1222 University of Padua
12%
1240 University of Siena
9%
859 University of Al Karaouine
0%
1290 University of Macerata
0%
1224 University of Naples Federico II
0%
No matching quizzes found
Score Distribution
Percent of People with Each Score
Percentile by Number Answered
Your Score History
You have not taken this quiz